MARC details
| 000 -LEADER |
| fixed length control field |
01032cam a2200205 4500 |
| 001 - CONTROL NUMBER |
| control field |
X103258 |
| 008 - FIXED-LENGTH DATA ELEMENTS--GENERAL INFORMATION |
| fixed length control field |
000000n1999 000 0 eng u |
| 035 ## - SYSTEM CONTROL NUMBER |
| System control number |
(Sirsi) u103258 |
| 245 ## - TITLE STATEMENT |
| Title |
Time Limits |
| 260 ## - PUBLICATION, DISTRIBUTION, ETC. |
| Date of publication, distribution, etc. |
1999 |
| 490 ## - SERIES STATEMENT |
| Series statement |
Estates Gazette Case Summaries |
| Volume/sequential designation |
[1999] EGCS 146(1) |
| 520 ## - SUMMARY, ETC. |
| Summary, etc. |
Riordan Communications Ltd v South Buckinhamshire District Council. QBD 2 December 1999. The claimants (R) were granted planning permission for a development which was subject to a time limit of five years. Work started just before the deadline, however it was then suspended and did not resume for four years. The work then stopped again and the defendant (SB) claimed that the planning permission had lapsed because R lacked the intention to complete the development. "Held" claim allowed. |
| 650 ## - SUBJECT ADDED ENTRY--TOPICAL TERM |
| Topical term or geographic name entry element |
PLANNING PERMISSION |
| 650 ## - SUBJECT ADDED ENTRY--TOPICAL TERM |
| Topical term or geographic name entry element |
TIME LIMITS |
| 650 ## - SUBJECT ADDED ENTRY--TOPICAL TERM |
| Topical term or geographic name entry element |
RIORDAN COMMUNICATIONS LTD V SOUTH BUCKINGHAMSHIRE DC |
| 650 ## - SUBJECT ADDED ENTRY--TOPICAL TERM |
| Topical term or geographic name entry element |
DEVELOPMENT |
| 650 ## - SUBJECT ADDED ENTRY--TOPICAL TERM |
| Topical term or geographic name entry element |
INTENTION |
| 690 ## - LOCAL SUBJECT ADDED ENTRY--TOPICAL TERM (OCLC, RLIN) |
| Topical term or geographic name as entry element |
PLANNING LAW AND PRACTICE |
| 942 ## - ADDED ENTRY ELEMENTS (KOHA) |
| Suppress in OPAC |
0 |